Samajik kalyan (Record no. 267)

MARC details
000 -LEADER
fixed length control field 00460cam a2200193ua 4500
001 - CONTROL NUMBER
control field 316
005 - DATE AND TIME OF LATEST TRANSACTION
control field 20260515113140.0
008 - FIXED-LENGTH DATA ELEMENTS--GENERAL INFORMATION
fixed length control field 110329n ii |||gr||||Z||||||asm
040 ## - CATALOGING SOURCE
Transcribing agency MAIN
082 ## - DEWEY DECIMAL CLASSIFICATION NUMBER
Classification number 361
245 1# - TITLE STATEMENT
Title Samajik kalyan
Statement of responsibility, etc. by Jyotiprasad Saikia
250 ## - EDITION STATEMENT
Edition statement 1st.
260 ## - PUBLICATION, DISTRIBUTION, ETC.
Place of publication, distribution, etc. Dibrugarh:
Name of publisher, distributor, etc. Banalata,
Date of publication, distribution, etc. 2005.
300 ## - PHYSICAL DESCRIPTION
Extent 220p:
Dimensions 20cm.
653 ## - INDEX TERM--UNCONTROLLED
Uncontrolled term Sociology
653 ## - INDEX TERM--UNCONTROLLED
Uncontrolled term Samajik kalyan
700 ## - ADDED ENTRY--PERSONAL NAME
Personal name Saikia, Jyotiprasad.,
Relator term Author.
942 ## - ADDED ENTRY ELEMENTS (KOHA)
Koha item type Books
Holdings
Withdrawn status Lost status Damaged status Not for loan Home library Current library Shelving location Date acquired Total checkouts Full call number Barcode Date last seen Date last checked out Copy number Price effective from Koha item type
        Naharkatiya College Library Naharkatiya College Library General stacks 09/19/2020 4 361 | SAI 19158 03/19/2021 03/02/2021 1 09/19/2020 Books